000
00266nam a22001097a 4500
008
160521b xxu||||| |||| 00| 0 eng d
020
_a
2901424086008
041
_a
eng
080
_a
579
245
_a
Biology :
_c
Today and Tomorrow; Starr Evers Starr;
942
_2
udc
_c
BK
999
_c
2355
_d
2355